[Event "GER-chT Federal Cup (Women)"]
[Site "Braunfels"]
[Date "2010.06.04"]
[Round "3"]
[White "Lorenz, Oda"]
[Black "Schoen, Heike"]
[Result "1-0"]
[WhiteElo "1877"]
[BlackElo "1696"]
[PlyCount "137"]
[EventDate "2010.06.03"]
[EventType "team-swiss"]
[EventRounds "5"]
[EventCountry "GER"]
[SourceTitle "CBM 136 Extra"]
[Source "ChessBase"]
[SourceDate "2010.07.02"]
[SourceVersion "2"]
[SourceVersionDate "2010.07.15"]
[SourceQuality "1"]

1. e4 c6 2. d4 d5 3. Nc3 dxe4 4. Nxe4 Nd7 5. Nf3 Ngf6 6. Ng3 e6 7. Bd3 c5 8. 0-0 cxd4 9. Nxd4 Bc5 10. Nb3 0-0 11. Bg5 h6 12. Nxc5 Nxc5 13. Be3 Nxd3 14. cxd3 b6 15. Qf3 Ba6 16. Rfd1 Rc8 17. Rac1 Rxc1 18. Bxc1 Qe7 19. Ne4 Nxe4 20. dxe4 Bb7 21. Qg4 Kh7 22. h3 Rc8 23. Bd2 Rc4 24. Bc3 f6 25. Qe2 Rc7 26. Qd3 e5 27. a3 Bc6 28. Bb4 Qf7 29. Qf3 Qg6 30. Re1 Rd7 31. Bc3 Bb5 32. Qf5 Qxf5 33. exf5 Bd3 34. g4 Bc2 35. Kg2 Kg8 36. Kg3 Rd3+ 37. Kh4 Bb3 38. f4 Bd5 39. g5 hxg5+ 40. fxg5 Bg2 41. gxf6 gxf6 42. Rg1 Rxh3+ 43. Kg4 Rxc3 44. bxc3 Be4 45. Rd1 Kf8 46. Rd7 a5 47. Rd8+ Ke7 48. Rb8 Kd6 49. Rxb6+ Bc6 50. Ra6 a4 51. Ra7 Bd7 52. Ra8 Ke7 53. Rh8 Bc6 54. Rh7+ Ke8 55. c4 Bd7 56. c5 e4 57. Kf4 e3 58. Rh3 Kd8 59. Rxe3 Kc7 60. Re7 Kc6 61. Rxd7 Kxd7 62. Ke4 Kc6 63. Kd4 Kb5 64. Kd5 Ka5 65. c6 Kb6 66. Kd6 Kb5 67. c7 Kc4 68. c8Q+ Kb3 69. Qc5 1-0